[Event "ICS rated blitz match"]
[Site "204.178.125.65"]
[Date "1999.08.30"]
[Round "?"]
[White "Hossa"]
[Black "elvikingo"]
[Result "1-0"]
[WhiteElo "2488"]
[BlackElo "2170"]
[PlyCount "107"]
[EventDate "1999.??.??"]

1. e4 e6 2. d4 d5 3. Nc3 dxe4 4. Nxe4 Nd7 5. Bd3 Ngf6 6. Nxf6+ Nxf6 7. Ne2 Be7
8. O-O O-O 9. Bg5 c5 10. dxc5 Bxc5 11. c4 Be7 12. Qc2 h6 13. Bxf6 Bxf6 14. Rad1
Qc7 15. Rfe1 b6 16. Be4 Bb7 17. Bxb7 Qxb7 18. b3 Rfd8 19. Qb1 Qc7 20. Qc1 Bg5
21. Qc3 Bf6 22. Qh3 Rxd1 23. Rxd1 Rd8 24. Re1 Rd2 25. a4 Qd8 26. Ng3 Rd1 27.
Rxd1 Qxd1+ 28. Nf1 Bd4 29. Qg3 Bc5 30. Qb8+ Kh7 31. b4 Bd4 32. Qf4 Bf6 33. Qe4+
g6 34. Qb7 Kg7 35. Qxa7 Bd4 36. Qc7 Qc2 37. Qf4 Qxc4 38. a5 bxa5 39. bxa5 Qa4
40. Qd6 h5 41. a6 Kf6 42. g3 Be5 43. Qd8+ Kg7 44. Qb6 Bd4 45. Qd6 Bf6 46. Ne3
Bd4 47. h4 Ba7 48. Qd3 Qd4 49. Qxd4+ Bxd4 50. Nc2 Ba7 51. Nb4 Bc5 52. Nc6 e5
53. Nxe5 Kf6 54. Nd7+ {elvikingo resigns} 1-0

[Event "ICS rated blitz match"]
[Site "204.178.125.65"]
[Date "1999.08.31"]
[Round "?"]
[White "Hossa"]
[Black "elvikingo"]
[Result "1-0"]
[WhiteElo "2488"]
[BlackElo "2107"]
[PlyCount "51"]
[EventDate "1999.??.??"]

1. d4 d5 2. c4 e6 3. Nc3 Be7 4. e4 dxe4 5. Nxe4 Nf6 6. Nxf6+ Bxf6 7. Ne2 O-O 8.
Bf4 Nc6 9. Be3 Ne7 10. Qb3 b6 11. O-O-O c6 12. g4 Ng6 13. Bg2 Bb7 14. f4 Nh4
15. Be4 Ng6 16. Bxg6 hxg6 17. g5 Be7 18. h4 f5 19. Bf2 Kf7 20. h5 gxh5 21. Rxh5
Rh8 22. Rxh8 Qxh8 23. Qe3 Rd8 24. g6+ Kf8 25. Qxe6 Bc8 26. Qf7# {
elvikingo checkmated} 1-0

[Event "ICS rated blitz match"]
[Site "204.178.125.65"]
[Date "1999.08.31"]
[Round "?"]
[White "Hossa"]
[Black "elvikingo"]
[Result "1-0"]
[WhiteElo "2482"]
[BlackElo "2113"]
[PlyCount "53"]
[EventDate "1999.??.??"]

1. d4 d6 2. e4 e5 3. dxe5 dxe5 4. Qxd8+ Kxd8 5. Bc4 f6 6. Nc3 c6 7. Be3 Kc7 8.
O-O-O Bb4 9. Nge2 Ne7 10. Rd2 Bxc3 11. Nxc3 Nd7 12. Rhd1 Nb6 13. Be2 Be6 14.
Bc5 Nec8 15. Bb4 a5 16. Bc5 Nd7 17. Be3 b5 18. Bh5 b4 19. Na4 Ncb6 20. Nxb6
Nxb6 21. b3 g6 22. Be2 Rae8 23. Kb2 Nc8 24. a3 Rd8 25. axb4 axb4 26. Bc5 Rxd2
27. Rxd2 {elvikingo resigns} 1-0

[Event "ICS rated blitz match"]
[Site "204.178.125.65"]
[Date "1999.09.03"]
[Round "?"]
[White "Hossa"]
[Black "elvikingo"]
[Result "1-0"]
[WhiteElo "2571"]
[BlackElo "2086"]
[PlyCount "67"]
[EventDate "1999.??.??"]

1. d4 d5 2. c4 dxc4 3. Nf3 Nf6 4. e3 Bg4 5. Bxc4 Bxf3 6. Qxf3 c6 7. Qd1 e6 8.
O-O Be7 9. Nc3 O-O 10. Be2 Nbd7 11. Bf3 Nd5 12. e4 Nxc3 13. bxc3 Nf6 14. Bg5 h6
15. Be3 Qc7 16. Rb1 Rfd8 17. Qe2 Rd7 18. e5 Nd5 19. Rb3 Nxe3 20. fxe3 Qa5 21.
Qf2 Bf8 22. g3 Qd8 23. Bg2 Kh8 24. Qf3 Kg8 25. Rf2 Rb8 26. Rfb2 Qe7 27. a4 Rc7
28. Qf4 Qg5 29. Qf2 Qe7 30. Qf1 Qg5 31. c4 c5 32. Rf2 cxd4 33. exd4 Rxc4 34.
Qxc4 {elvikingo resigns} 1-0

[Event "ICS rated blitz match"]
[Site "204.178.125.65"]
[Date "1999.09.03"]
[Round "?"]
[White "Hossa"]
[Black "elvikingo"]
[Result "1-0"]
[WhiteElo "2551"]
[BlackElo "2110"]
[PlyCount "32"]
[EventDate "1999.??.??"]

1. d4 Nf6 2. c4 d6 3. Nc3 Nbd7 4. e4 e5 5. Nf3 Be7 6. Bd3 O-O 7. O-O c6 8. Be3
Ne8 9. Qe2 g6 10. Bh6 Ng7 11. Qe3 f5 12. dxe5 dxe5 13. Rad1 f4 14. Qd2 Qe8 15.
Ne2 Nf6 16. Nxe5 16... Ng4 {elvikingo resigns} 1-0

[Event "ICS rated blitz match"]
[Site "204.178.125.65"]
[Date "1999.08.30"]
[Round "?"]
[White "Hossa"]
[Black "elvikingo"]
[Result "1-0"]
[WhiteElo "2478"]
[BlackElo "2180"]
[PlyCount "45"]
[EventDate "1999.??.??"]

1. e4 d5 2. exd5 Qxd5 3. Nc3 Qa5 4. Nf3 Nf6 5. Bc4 Bg4 6. O-O e6 7. Be2 Be7 8.
Nd4 Bxe2 9. Ncxe2 c5 10. Nb3 Qc7 11. d3 Nc6 12. Re1 O-O-O 13. Bf4 Bd6 14. Bxd6
Qxd6 15. Ng3 c4 16. dxc4 Qxd1 17. Raxd1 Nb4 18. c3 Rxd1 19. Rxd1 Nxa2 20. Ra1
Rd8 21. Rxa2 Rd1+ 22. Nf1 Ne4 23. Rxa7 {elvikingo resigns} 1-0

[Event "ICS rated blitz match"]
[Site "204.178.125.65"]
[Date "1999.08.27"]
[Round "?"]
[White "Hossa"]
[Black "elvikingo"]
[Result "1-0"]
[WhiteElo "2388"]
[BlackElo "2068"]
[PlyCount "79"]
[EventDate "1999.??.??"]

1. e4 e6 2. d4 d5 3. Nd2 dxe4 4. Nxe4 Nd7 5. Bd3 Ngf6 6. Nxf6+ Nxf6 7. Ne2 Be7
8. O-O O-O 9. Bg5 h6 10. Be3 b6 11. c3 Bb7 12. Re1 c5 13. Qa4 cxd4 14. cxd4 Qd7
15. Qxd7 Nxd7 16. Rac1 Rac8 17. Nc3 Bb4 18. Bb5 Bxc3 19. Rxc3 Rxc3 20. bxc3 Nf6
21. Be2 Rc8 22. c4 Kf8 23. Rc1 Ke8 24. f3 Ba6 25. Kf2 Nd7 26. h4 f5 27. Bd3 Ke7
28. a4 Kf6 29. g4 g5 30. hxg5+ hxg5 31. gxf5 exf5 32. Be2 f4 33. Bd2 Nf8 34. a5
Ne6 35. d5 Nc5 36. axb6 axb6 37. Bc3+ Kf5 38. Rb1 Rb8 39. Bd4 Na4 40. Bd3# {
elvikingo checkmated} 1-0

[Event "ICS rated blitz match"]
[Site "204.178.125.65"]
[Date "1999.08.27"]
[Round "?"]
[White "Hossa"]
[Black "elvikingo"]
[Result "1-0"]
[WhiteElo "2374"]
[BlackElo "2078"]
[PlyCount "39"]
[EventDate "1999.??.??"]

1. e4 d6 2. d4 e5 3. dxe5 dxe5 4. Qxd8+ Kxd8 5. Bc4 f6 6. Nc3 c6 7. Be3 Kc7 8.
O-O-O Bb4 9. Nge2 b5 10. Bd3 Be6 11. a3 Bd6 12. Bxb5 Bxa3 13. bxa3 cxb5 14.
Nxb5+ Kc6 15. Nxa7+ Kb7 16. Nb5 Nc6 17. Rd6 Bc4 18. Nec3 Nge7 19. Rd7+ Ka6 20.
Nc7+ {elvikingo resigns} 1-0

[Event "ICS rated blitz match"]
[Site "204.178.125.65"]
[Date "1999.08.31"]
[Round "?"]
[White "Hossa"]
[Black "elvikingo"]
[Result "1-0"]
[WhiteElo "2491"]
[BlackElo "2088"]
[PlyCount "91"]
[EventDate "1999.??.??"]

1. d4 Nf6 2. c4 d6 3. Nc3 Nbd7 4. e4 e5 5. Nf3 Be7 6. Bd3 O-O 7. O-O c6 8. Be3
Qc7 9. b3 Re8 10. Qe2 Nf8 11. Rad1 Ng6 12. Qd2 Kh8 13. Ng5 Kg8 14. a4 h6 15.
Nf3 Bg4 16. Be2 Bxf3 17. Bxf3 a5 18. d5 cxd5 19. Nxd5 Nxd5 20. Qxd5 Qc6 21. Qd3
Nf8 22. Bh5 Ne6 23. f3 Nc5 24. Qc3 Bg5 25. Bxg5 hxg5 26. Rfe1 Red8 27. Rd5 Ne6
28. g3 b6 29. Qd2 f6 30. Rd1 Nd4 31. Qd3 Kh7 32. Bg4 g6 33. Qe3 Kg7 34. Kh1 Rh8
35. R1xd4 exd4 36. Qxd4 Rad8 37. Rxg5 Rh6 38. h4 Kf7 39. Rd5 Rhh8 40. Kg1 Rhe8
41. h5 Re5 42. hxg6+ Kxg6 43. Kf1 Rh8 44. Bf5+ Kg7 45. Rxd6 Re7 46. Qxf6+ {
elvikingo resigns} 1-0

[Event "ICS rated blitz match"]
[Site "204.178.125.65"]
[Date "1999.09.01"]
[Round "?"]
[White "Hossa"]
[Black "exsacs"]
[Result "1-0"]
[WhiteElo "2533"]
[BlackElo "2057"]
[PlyCount "53"]
[EventDate "1999.??.??"]

1. f4 c5 2. e4 Nc6 3. Nc3 g6 4. Nge2 Bg7 5. h4 h5 6. g3 d6 7. Bg2 Bg4 8. d3 Qd7
9. Be3 e5 10. fxe5 Nxe5 11. O-O Nc6 12. Qd2 Nd4 13. Bxd4 cxd4 14. Nd5 Bh6 15.
Qe1 O-O-O 16. Nxd4 Kb8 17. Qa5 f5 18. c4 Ne7 19. Rae1 Nxd5 20. cxd5 fxe4 21.
dxe4 Rhf8 22. Qb4 Rxf1+ 23. Rxf1 Be3+ 24. Kh1 Bh3 25. Nc6+ Ka8 26. Nxd8 Qxd8
27. Bxh3 {exsacs resigns} 1-0

[Event "ICS rated blitz match"]
[Site "204.178.125.65"]
[Date "1999.08.30"]
[Round "?"]
[White "Hossa"]
[Black "exsacs"]
[Result "1-0"]
[WhiteElo "2492"]
[BlackElo "2259"]
[PlyCount "44"]
[EventDate "1999.??.??"]

1. e4 c5 2. Nc3 Nc6 3. f4 g6 4. Nge2 Bg7 5. h4 h5 6. d3 d6 7. g3 Bg4 8. Bg2 Qd7
9. Be3 e5 10. fxe5 Bxe5 11. Bf4 Nd4 12. Bxe5 dxe5 13. O-O Ne7 14. Rf6 Rf8 15.
Qd2 O-O-O 16. Rd1 Nef5 17. exf5 Qe7 18. Qg5 Kb8 19. Rd2 gxf5 20. Nxd4 cxd4 21.
Nd5 Qc5 22. Rxf7 22... Rg8 {exsacs resigns} 1-0

[Event "ICS rated blitz match"]
[Site "204.178.125.65"]
[Date "1999.08.30"]
[Round "?"]
[White "Hossa"]
[Black "exsacs"]
[Result "0-1"]
[WhiteElo "2490"]
[BlackElo "2275"]
[PlyCount "150"]
[EventDate "1999.??.??"]

1. e4 c5 2. Nc3 Nc6 3. f4 g6 4. Nge2 Bg7 5. h4 h5 6. g3 d6 7. Bg2 Bg4 8. d3 e5
9. O-O Nge7 10. fxe5 dxe5 11. Be3 Nd4 12. Bg5 Qd6 13. Qd2 f6 14. Be3 Qd7 15.
Rab1 Bh3 16. b4 cxb4 17. Bxd4 exd4 18. Bxh3 Qxh3 19. Nd1 Nc6 20. Nf2 Qd7 21.
Nf4 Qf7 22. Nd5 a5 23. Nh3 O-O 24. a3 bxa3 25. Ra1 Qd7 26. Nhf4 Qg4 27. Qf2 f5
28. Ne6 fxe4 29. Nxf8 Rxf8 30. Qxf8+ Bxf8 31. Nf6+ Kg7 32. Nxg4 hxg4 33. dxe4
Bc5 34. Rab1 b6 35. Kg2 Ne5 36. Rf4 Bb4 37. Ra1 b5 38. Rf2 Bc5 39. Rd2 b4 40.
Rh1 a4 41. Rdd1 b3 42. cxb3 axb3 43. Rc1 Bd6 44. Rhf1 b2 45. Rb1 Bb4 46. Ra1
bxa1=Q 47. Rxa1 d3 48. Kf2 Nc4 49. e5 Kf7 50. e6+ Kxe6 51. h5 gxh5 52. Rc1 Kd5
53. Rh1 a2 54. Rxh5+ Ne5 55. Rh1 Bc3 56. Ke3 d2 57. Ke2 a1=Q 58. Rxa1 Bxa1 59.
Kxd2 Ke4 60. Kd1 Kf3 61. Kc2 Kxg3 62. Kb3 Kf4 63. Kb4 g3 64. Kc5 g2 65. Kd5
g1=Q 66. Kd6 Qd4+ 67. Kc7 Nf3 68. Kb7 Ke5 69. Ka6 Ke6 70. Kb7 Qc3 71. Kb8 Kd6
72. Kb7 Qc6+ 73. Ka7 Qb5 74. Ka8 Kc7 75. Ka7 75... Qb7# {Hossa checkmated} 0-1

[Event "ICS rated blitz match"]
[Site "204.178.125.65"]
[Date "1999.08.30"]
[Round "?"]
[White "Hossa"]
[Black "exsacs"]
[Result "1-0"]
[WhiteElo "2534"]
[BlackElo "2250"]
[PlyCount "40"]
[EventDate "1999.??.??"]

1. e4 c5 2. Nf3 d6 3. d4 cxd4 4. Nxd4 Bd7 5. Nc3 Nf6 6. Bg5 Nc6 7. Be2 e6 8.
Ndb5 Qb8 9. Bxf6 gxf6 10. O-O a6 11. Nd4 h5 12. Nxc6 Bxc6 13. Qd4 Be7 14. b4
Qc7 15. b5 axb5 16. Nxb5 Qd7 17. Nc3 h4 18. Bg4 Ra5 19. Nd5 Bxd5 20. exd5 20...
f5 {exsacs resigns} 1-0

[Event "ICS rated blitz match"]
[Site "204.178.125.65"]
[Date "1999.08.31"]
[Round "?"]
[White "Hossa"]
[Black "exsacs"]
[Result "1-0"]
[WhiteElo "2538"]
[BlackElo "2214"]
[PlyCount "73"]
[EventDate "1999.??.??"]

1. e4 c5 2. Nf3 d6 3. d4 cxd4 4. Nxd4 Nf6 5. Nc3 Bd7 6. Bg5 e6 7. Ndb5 Bxb5 8.
Bxb5+ Nc6 9. Bxf6 Qxf6 10. O-O Be7 11. Qh5 O-O 12. Rad1 Rfd8 13. f4 a6 14. Bxc6
bxc6 15. e5 Qg6 16. Qxg6 hxg6 17. exd6 Bxd6 18. Ne4 Bc7 19. g3 Kf8 20. h4 Ke7
21. Rfe1 Rd5 22. c4 Rxd1 23. Rxd1 Rd8 24. Rxd8 Bxd8 25. b4 Bb6+ 26. Kg2 Bd4 27.
a4 Kd7 28. b5 cxb5 29. axb5 axb5 30. cxb5 f6 31. Kf3 Kc7 32. Ke2 Kb6 33. Kd3 e5
34. Kc4 Ba1 35. Nc5 exf4 36. gxf4 Bb2 37. Na4+ {exsacs resigns} 1-0

[Event "ICS rated blitz match"]
[Site "204.178.125.65"]
[Date "1999.08.31"]
[Round "?"]
[White "Hossa"]
[Black "exsacs"]
[Result "1-0"]
[WhiteElo "2545"]
[BlackElo "2154"]
[PlyCount "61"]
[EventDate "1999.??.??"]

1. c4 c5 2. Nc3 Nc6 3. e4 g6 4. Nge2 Bg7 5. d3 d6 6. g3 e5 7. Bg2 Be6 8. O-O
Qd7 9. f4 Nge7 10. fxe5 dxe5 11. Be3 b6 12. Nd5 f5 13. Nxe7 Kxe7 14. Qd2 Raf8
15. exf5 gxf5 16. Nc3 Nd4 17. b4 h5 18. bxc5 bxc5 19. Nb5 h4 20. Nxd4 cxd4 21.
Bg5+ Bf6 22. gxh4 Rfg8 23. Rae1 Qd6 24. Qa5 Bxg5 25. hxg5 e4 26. Qxa7+ Bd7 27.
Rxf5 Qxh2+ 28. Kf1 e3 29. Qxd4 Bxf5 30. Rxe3+ Be6 31. Qf6+ {exsacs resigns} 1-0

[Event "ICS rated blitz match"]
[Site "204.178.125.65"]
[Date "1999.09.04"]
[Round "?"]
[White "Hossa"]
[Black "exsacs"]
[Result "1-0"]
[WhiteElo "2507"]
[BlackElo "2121"]
[PlyCount "32"]
[EventDate "1999.??.??"]

1. e4 c5 2. Nf3 d6 3. d4 cxd4 4. Qxd4 Bd7 5. Qd1 Nc6 6. Bc4 Nf6 7. Nc3 g6 8.
Ng5 Ne5 9. Bd3 h6 10. Nf3 Bg7 11. Nxe5 dxe5 12. O-O O-O 13. f3 Kh7 14. Be3 e6
15. f4 exf4 16. Bc5 16... g5 {exsacs resigns} 1-0

[Event "ICS rated blitz match"]
[Site "204.178.125.65"]
[Date "1999.09.09"]
[Round "?"]
[White "Hossa"]
[Black "felixcrull"]
[Result "1-0"]
[WhiteElo "2455"]
[BlackElo "2420"]
[PlyCount "77"]
[EventDate "1999.??.??"]

1. c4 Nf6 2. g3 g6 3. Bg2 Bg7 4. e4 d6 5. Ne2 O-O 6. O-O c5 7. d3 Nc6 8. Nbc3
Ne8 9. Bg5 Nc7 10. Qd2 Re8 11. Bh6 Bh8 12. Nd5 Ne6 13. Rad1 Ned4 14. Rde1 e6
15. Ndf4 Rb8 16. Nxd4 Nxd4 17. b3 b5 18. f3 bxc4 19. dxc4 a5 20. Nd3 Bd7 21. e5
Bc6 22. Qf4 dxe5 23. Nxe5 Qc7 24. Nxg6 Qxf4 25. Nxf4 a4 26. bxa4 Rb4 27. Nd3
Rxa4 28. Nxc5 Rxa2 29. Rf2 Rea8 30. Rxa2 Rxa2 31. Ne4 Nf5 32. Bf4 Bd4+ 33. Kh1
e5 34. Bg5 h6 35. Bc1 Rc2 36. Bf1 Bf2 37. Nxf2 Rxf2 38. Kg1 Rc2 39. Bd3 {
felixcrull resigns} 1-0

[Event "ICS rated blitz match"]
[Site "204.178.125.65"]
[Date "1999.09.11"]
[Round "?"]
[White "Hossa"]
[Black "felixcrull"]
[Result "1-0"]
[WhiteElo "2458"]
[BlackElo "2336"]
[PlyCount "89"]
[EventDate "1999.??.??"]

1. e4 d5 2. exd5 Qxd5 3. Nc3 Qa5 4. Nf3 c6 5. Be2 Nf6 6. O-O Bf5 7. d4 e6 8.
Nh4 Bg6 9. Nxg6 hxg6 10. Bf4 Qd8 11. Re1 Bd6 12. Bg3 Bxg3 13. fxg3 Qb6 14. Na4
Qb4 15. c3 Qd6 16. Nc5 Nbd7 17. Nxb7 Qc7 18. Ba6 O-O 19. b4 Nb6 20. Qf3 Rab8
21. Nc5 Nbd5 22. a3 Rbd8 23. Ra2 Nb6 24. Rf2 Nbd5 25. Re5 Nd7 26. Nxd7 Qxd7 27.
Ree2 Nb6 28. Bd3 Nd5 29. Bc2 Nf6 30. Ba4 Rc8 31. Re5 Qd6 32. Bb3 Nd5 33. Re4
Rcd8 34. Rfe2 Nf6 35. Rxe6 fxe6 36. Rxe6 Qb8 37. Rxf6+ Kh8 38. Rxf8+ Rxf8 39.
Qxc6 Qe8 40. Qxe8 Rxe8 41. Kf2 g5 42. c4 Re4 43. d5 Rd4 44. Ke3 Rg4 45. d6 {
felixcrull resigns} 1-0

[Event "ICS rated blitz match"]
[Site "204.178.125.65"]
[Date "1999.09.12"]
[Round "?"]
[White "Hossa"]
[Black "fidelito"]
[Result "1-0"]
[WhiteElo "2551"]
[BlackElo "2310"]
[PlyCount "109"]
[EventDate "1999.??.??"]

1. d4 Nf6 2. c4 e6 3. Nc3 Bb4 4. Qc2 c5 5. a3 Bxc3+ 6. bxc3 O-O 7. e4 d6 8. Bd3
Nc6 9. Ne2 e5 10. d5 Ne7 11. O-O Ng6 12. Bg5 h6 13. Bd2 Nh5 14. f4 Nhxf4 15.
Nxf4 exf4 16. Bxf4 Nxf4 17. Rxf4 Qe7 18. Qd2 Bd7 19. Rb1 b6 20. Qf2 Rae8 21.
Qf3 Qe5 22. Rf1 Re7 23. Bc2 Qg5 24. Bb3 Qe5 25. Rf2 Qg5 26. Ba2 Qe5 27. Bb1 Qg5
28. Bc2 Qe5 29. Bd1 Qg5 30. Rf1 f6 31. Bb3 Rfe8 32. Rf2 a6 33. Ba2 b5 34. Qe2
Rb8 35. Qd3 Qe5 36. Qc2 Bc8 37. Rf1 Reb7 38. Qd3 b4 39. cxb4 cxb4 40. c5 b3 41.
c6 Rb5 42. Bb1 Rc5 43. Qg3 Qg5 44. R4f3 Qxg3 45. Rxg3 Kh8 46. a4 Rb4 47. Rf2 a5
48. Rb2 Rc1+ 49. Kf2 Ba6 50. Rgxb3 Rf1+ 51. Kg3 Rxb3+ 52. Rxb3 Rc1 53. e5 Rxb1
54. Rxb1 fxe5 55. Rb6 {fidelito resigns} 1-0

[Event "ICS rated blitz match"]
[Site "204.178.125.65"]
[Date "1999.09.26"]
[Round "?"]
[White "Hossa"]
[Black "fidelito"]
[Result "0-1"]
[WhiteElo "2548"]
[BlackElo "2277"]
[PlyCount "102"]
[EventDate "1999.??.??"]

1. d4 Nf6 2. a3 d5 3. e3 c6 4. Bd3 g6 5. Ne2 Bg7 6. O-O O-O 7. c4 e6 8. Bd2
Nbd7 9. Bb4 Re8 10. Nbc3 a5 11. Bd6 dxc4 12. Bb1 b5 13. Qc2 Nb6 14. Bg3 Nh5 15.
Qe4 Nxg3 16. fxg3 Nd5 17. Qf3 Qe7 18. Kh1 Bb7 19. Ne4 Rad8 20. a4 b4 21. Rc1
Nb6 22. Nc5 Ba8 23. Ba2 b3 24. Bb1 e5 25. Nc3 exd4 26. exd4 Qe1+ 27. Qf1 Qxf1+
28. Rxf1 Bxd4 29. N5e4 Nd5 30. g4 Nxc3 31. bxc3 Bg7 32. h3 c5 33. Nxc5 Rd2 34.
Rg1 Bxc3 35. Be4 Bxe4 36. Nxe4 Rxe4 37. Rae1 Rxe1 38. Rxe1 b2 39. g5 Rc2 40.
Re8+ Kg7 41. Kh2 b1=Q 42. Kg3 Be1+ 43. Kf4 Qc1+ 44. Ke4 Re2+ 45. Kd5 Rxe8 46.
Kc5 Qxg5+ 47. Kc6 Re6+ 48. Kc7 Qc5+ 49. Kb8 Re7 50. g3 Qc7+ 51. Ka8 51... Qa7#
{Hossa checkmated} 0-1

[Event "ICS rated blitz match"]
[Site "204.178.125.65"]
[Date "1999.08.28"]
[Round "?"]
[White "Hossa"]
[Black "fito"]
[Result "1-0"]
[WhiteElo "2483"]
[BlackElo "2339"]
[PlyCount "87"]
[EventDate "1999.??.??"]

1. e4 g6 2. d4 Bg7 3. Bc4 d6 4. Ne2 c6 5. Bg5 Nf6 6. Nd2 O-O 7. Bd3 e5 8. O-O
Nbd7 9. c3 Re8 10. Re1 Qb6 11. Nc4 Qc7 12. f3 b5 13. Ne3 a6 14. a4 Bb7 15. axb5
axb5 16. Rxa8 Rxa8 17. f4 Re8 18. fxe5 dxe5 19. Qb1 exd4 20. cxd4 c5 21. d5 c4
22. Bc2 Nc5 23. Nc3 Qb6 24. Rf1 h6 25. Bxf6 Bxf6 26. Kh1 Bg7 27. Ng4 b4 28. Na4
Qc7 29. Nxc5 Qxc5 30. Qc1 b3 31. Bb1 Qd4 32. Nxh6+ Bxh6 33. Qxh6 Qxb2 34. Qf4
Qg7 35. Qc7 f5 36. Qxc4 fxe4 37. Qxb3 e3 38. Bxg6 Qxg6 39. Qxb7 e2 40. Re1 Qf5
41. Qb5 Qf2 42. Qxe8+ Qf8 43. Qxf8+ Kxf8 44. Rxe2 {fito resigns} 1-0

[Event "ICS rated blitz match"]
[Site "204.178.125.65"]
[Date "1999.08.28"]
[Round "?"]
[White "Hossa"]
[Black "fito"]
[Result "1-0"]
[WhiteElo "2525"]
[BlackElo "2356"]
[PlyCount "47"]
[EventDate "1999.??.??"]

1. f4 g6 2. e4 Bg7 3. d4 d6 4. Nf3 Nf6 5. Bb5+ c6 6. Bd3 O-O 7. O-O Nbd7 8. e5
Nd5 9. c4 N5b6 10. Be3 c5 11. Be2 cxd4 12. Bxd4 dxe5 13. fxe5 e6 14. Bc3 Qc7
15. Bb4 Nxe5 16. Bxf8 Kxf8 17. Ng5 Kg8 18. Na3 h6 19. Ne4 Nbxc4 20. Bxc4 Nxc4
21. Nxc4 Qxc4 22. Qd8+ Kh7 23. Rxf7 Qxe4 24. Qf6 {fito resigns} 1-0

[Event "ICS rated blitz match"]
[Site "204.178.125.65"]
[Date "1999.09.06"]
[Round "?"]
[White "Hossa"]
[Black "fjolset"]
[Result "1/2-1/2"]
[WhiteElo "2449"]
[BlackElo "2098"]
[PlyCount "163"]
[EventDate "1999.??.??"]

1. e4 d5 2. exd5 Qxd5 3. Nc3 Qa5 4. Nf3 c6 5. Be2 Bf5 6. O-O e6 7. Nh4 Bg6 8.
Nxg6 hxg6 9. d4 Qc7 10. f4 Nf6 11. Be3 Bd6 12. Rf2 Nbd7 13. Qd2 O-O 14. Re1 a6
15. Qd3 Rfe8 16. Ne4 Nxe4 17. Qxe4 Nf6 18. Qf3 Rac8 19. Bd3 Ra8 20. c3 Rac8 21.
a3 Ra8 22. g3 Rac8 23. Ree2 Ra8 24. c4 Rac8 25. Bd2 Ra8 26. b4 Rac8 27. Bc3 Ra8
28. a4 Rac8 29. Re3 Ra8 30. Rfe2 Rac8 31. a5 Ra8 32. Re1 Rac8 33. Qe2 Qd7 34.
Kh1 Ra8 35. Qd1 Rac8 36. R3e2 Ra8 37. Kg1 Rac8 38. Qd2 Ra8 39. Re3 Rac8 40. Be2
Ra8 41. Kh1 Rac8 42. Bf1 Ra8 43. Bd3 Rac8 44. R3e2 Ra8 45. Bb2 Rac8 46. Bc2 Ra8
47. Kg1 Rac8 48. Re3 Ra8 49. R1e2 Rac8 50. Bb1 Ra8 51. Bd3 Rac8 52. Kh1 Ra8 53.
Ba1 Rac8 54. Re1 Ra8 55. Bb1 Rac8 56. R3e2 Ra8 57. Kg1 Rac8 58. Bb2 Ra8 59. Bd3
Rac8 60. Re3 Ra8 61. Be2 Rac8 62. Ba1 Ra8 63. Bd3 Rac8 64. R3e2 Ra8 65. Qb2
Rac8 66. Qb3 Ra8 67. Bb2 Rac8 68. Bc1 Ra8 69. Qc3 Rac8 70. Be3 Ra8 71. Qd2 Rac8
72. Qb2 Ra8 73. Qc3 Rac8 74. Qb3 Ra8 75. Qa3 Rac8 76. Bd2 Ra8 77. Qa4 Rac8 78.
Qb3 Ra8 79. Be3 Rac8 80. Kh1 Ra8 81. Qa3 Rac8 82. Qc3 {
Game drawn by the 50 move rule} 1/2-1/2

[Event "ICS rated blitz match"]
[Site "204.178.125.65"]
[Date "1999.09.24"]
[Round "?"]
[White "Hossa"]
[Black "flaoli"]
[Result "1-0"]
[WhiteElo "2417"]
[BlackElo "2056"]
[PlyCount "39"]
[EventDate "1999.??.??"]

1. e4 c5 2. Nf3 Nc6 3. d4 cxd4 4. Nxd4 e5 5. Nb5 a6 6. Nd6+ Bxd6 7. Qxd6 Qf6 8.
Qd1 Qg6 9. Nc3 d5 10. Nxd5 Qxe4+ 11. Be3 Nd4 12. Nc7+ Ke7 13. Nxa8 Nxc2+ 14.
Kd2 Nxe3 15. fxe3 Bf5 16. Qc1 Qd5+ 17. Ke1 Nf6 18. Qc7+ Nd7 19. Rd1 Qxa2 20.
Qd6+ {flaoli resigns} 1-0

[Event "ICS rated blitz match"]
[Site "204.178.125.65"]
[Date "1999.09.24"]
[Round "?"]
[White "Hossa"]
[Black "flaoli"]
[Result "1-0"]
[WhiteElo "2401"]
[BlackElo "2072"]
[PlyCount "95"]
[EventDate "1999.??.??"]

1. e4 c5 2. Nf3 d6 3. d4 cxd4 4. Nxd4 a6 5. Be2 Nf6 6. Nc3 e5 7. Nb3 Be6 8. O-O
Be7 9. Be3 O-O 10. Bf3 Nbd7 11. Qe2 b5 12. Qd2 Qc7 13. Rfd1 h6 14. Qc1 Nb6 15.
Kh1 Rac8 16. a3 Rfd8 17. Rd3 Nc4 18. Rb1 Nxe3 19. Qxe3 Bc4 20. Rdd1 a5 21. a4
b4 22. Nb5 Bxb5 23. axb5 Rb8 24. Qd3 Qb6 25. Ra1 Ra8 26. Kg1 Rdb8 27. Be2 Nd7
28. Ra4 Nc5 29. Nxc5 Qxc5 30. Qb3 Rc8 31. Bd3 Bd8 32. g3 Bb6 33. Rd2 Rd8 34.
Bf1 Rac8 35. Qf3 Rc7 36. Bd3 d5 37. exd5 Rxd5 38. Bh7+ Kxh7 39. Rxd5 Qxc2 40.
Qd3+ Qxd3 41. Rxd3 Rc2 42. Rf3 Rxb2 43. Rxf7 Rb1+ 44. Kg2 b3 45. Rg4 b2 46.
Rfxg7+ Kh8 47. Rg8+ Kh7 48. R4g7# {flaoli checkmated} 1-0

[Event "ICS rated blitz match"]
[Site "204.178.125.65"]
[Date "1999.09.24"]
[Round "?"]
[White "Hossa"]
[Black "flaoli"]
[Result "1-0"]
[WhiteElo "2409"]
[BlackElo "2064"]
[PlyCount "33"]
[EventDate "1999.??.??"]

1. e4 c5 2. Nf3 Nc6 3. d4 cxd4 4. Nxd4 e5 5. Nb5 a6 6. Nd6+ Bxd6 7. Qxd6 Qf6 8.
Qd1 Qg6 9. Nc3 d5 10. Nxd5 Qxe4+ 11. Be3 Nd4 12. Nc7+ Ke7 13. Nxa8 Nxc2+ 14.
Kd2 Nxe3 15. fxe3 Bf5 16. Qc1 Nf6 17. Qc5+ {flaoli resigns} 1-0

[Event "ICS rated blitz match"]
[Site "204.178.125.65"]
[Date "1999.09.12"]
[Round "?"]
[White "Hossa"]
[Black "fog"]
[Result "1-0"]
[WhiteElo "2532"]
[BlackElo "2394"]
[PlyCount "109"]
[EventDate "1999.??.??"]

1. d4 c5 2. d5 e5 3. dxe6 fxe6 4. e4 Nc6 5. Bc4 Nf6 6. Nc3 Nxe4 7. Nxe4 d5 8.
Bg5 Be7 9. Bxe7 Qxe7 10. Bxd5 exd5 11. Qxd5 Nb4 12. Qh5+ g6 13. Qe2 O-O 14. c3
Nd5 15. O-O-O Be6 16. Nxc5 Nf4 17. Qe3 Rae8 18. Nxe6 Qxe6 19. Qxe6+ Rxe6 20. g3
Nh5 21. Nh3 h6 22. f4 Rfe8 23. Rd7 Re2 24. Rxb7 Rg2 25. Rxa7 Ree2 26. Rb7 Rxh2
27. Rd1 Rc2+ 28. Kb1 Rcd2 29. Rxd2 Rxd2 30. g4 Ng3 31. Kc1 Rh2 32. Rb6 Kg7 33.
f5 Rxh3 34. Rxg6+ Kh7 35. a4 Ne4 36. a5 Rh1+ 37. Kc2 Ra1 38. Kd3 Nf2+ 39. Ke2
Nh3 40. Rd6 Rxa5 41. Rd7+ Kg8 42. Kf3 Ra4 43. b4 Ra3 44. Rc7 Rb3 45. Ke3 Ng5
46. Kd4 Nf3+ 47. Ke4 Ng5+ 48. Ke5 Rb2 49. Kf6 Rg2 50. Kg6 Nh7 51. Rg7+ Kf8 52.
Kxh7 Rg3 53. b5 Rxc3 54. b6 Rb3 55. b7 {fog resigns} 1-0

[Event "ICS rated blitz match"]
[Site "204.178.125.65"]
[Date "1999.09.06"]
[Round "?"]
[White "Hossa"]
[Black "freyr"]
[Result "1-0"]
[WhiteElo "2454"]
[BlackElo "2372"]
[PlyCount "115"]
[EventDate "1999.??.??"]

1. d4 Nf6 2. Nf3 d5 3. e3 c6 4. Be2 e6 5. O-O Be7 6. b3 O-O 7. c4 Nbd7 8. Bd3
Ne4 9. Bxe4 dxe4 10. Nfd2 f5 11. f3 exf3 12. Nxf3 Bf6 13. Ba3 Re8 14. Bd6 c5
15. a4 Qb6 16. Bg3 e5 17. dxe5 Nxe5 18. Bxe5 Bxe5 19. Ra2 Bf6 20. Re2 Be6 21.
e4 f4 22. e5 Be7 23. Nc3 Rad8 24. Nd5 Qa5 25. Qd2 Qxd2 26. Rxd2 Bxd5 27. cxd5
g5 28. d6 Bf8 29. Rd5 h6 30. Rxc5 Rd7 31. Rfc1 Kf7 32. Rc7 Red8 33. Nd4 Rxc7
34. Rxc7+ Kg6 35. Ne6 Bxd6 36. Rg7+ Kf5 37. Nxd8 Bxe5 38. Rxb7 a5 39. Nc6 Bc3
40. Nxa5 Ke4 41. b4 Bd4+ 42. Kf1 g4 43. Re7+ Kf5 44. Nc6 Be3 45. Rxe3 fxe3 46.
a5 Ke6 47. a6 Kd6 48. Na5 Kc7 49. a7 Kb6 50. a8=Q Kb5 51. Qb7+ Ka4 52. Nc4 Kb3
53. Nxe3 Kc3 54. Qc6+ Kd4 55. Qc5+ Ke4 56. Ke2 h5 57. Qd5+ Kf4 58. Qf5# {
freyr checkmated} 1-0